Ranking UEFA - Statystyki

Ogólne statystyki
  • Ten quiz został rozwiązany 113 razy
  • Średni wynik to 46 z 55
Statystyki odpowiedzi
Punkty Reprezentacje % Poprawnych
25.375 Polska
99%
103.178 Anglia
98%
65.331 Francja
98%
87.864 Hiszpania
98%
86.998 Włochy
97%
83.624 Niemcy
95%
55.982 Portugalia
95%
61.300 Holandia
94%
25.525 Chorwacja
93%
38.100 Turcja
93%
28.000 Ukraina
93%
47.600 Belgia
92%
18.632 Rosja
92%
19.625 Słowacja
91%
21.500 Szwecja
91%
35.800 Czechy
90%
8.500 Litwa
90%
31.625 Norwegia
90%
7.207 Estonia
89%
29.525 Grecja
89%
13.250 Słowenia
89%
32.600 Austria
88%
31.450 Dania
86%
1.832 San Marino
86%
7.325 Albania
85%
11.125 Finlandia
85%
10.875 Irlandia
85%
27.775 Serbia
85%
36.050 Szkocja
85%
32.975 Szwajcaria
85%
6.625 Białoruś
84%
10.625 Łotwa
84%
5.791 Walia
84%
10.000 Bośnia i Hercegowina
82%
21.875 Węgry
82%
10.000 Liechtenstein
81%
5.998 Andora
78%
13.125 Mołdawia
78%
20.375 Bułgaria
77%
7.625 Gruzja
77%
9.583 Islandia
77%
6.000 Macedonia Północna
77%
11.541 Kosowo
76%
8.625 Luksemburg
75%
8.250 Malta
75%
21.375 Rumunia
75%
9.208 Irlandia Północna
74%
22.100 Cypr
70%
5.708 Czarnogóra
70%
11.500 Kazachstan
69%
20.125 Azerbejdzan
65%
10.375 Wyspy Owcze
64%
10.625 Armenia
63%
4.957 Gibraltar
63%
31.125 Izrael
57%
Nie znaleziono quizów pasujących do podanych kryteriów
Rozkład punktacji
Procent ludzi z każdym wynikiem
Percentyl według liczby udzielonych odpowiedzi
Twoja historia wyników
Nie rozwiązałeś tego quizu